| 000 | 01278nam a2200313 4500 | ||
|---|---|---|---|
| 001 | 0000020543 | ||
| 003 | CO-CtgCURN | ||
| 005 | 20250331184740.0 | ||
| 007 | ta | ||
| 008 | 160627s2011 000 0 eng d | ||
| 020 | _a9789500602693 | ||
| 040 |
_aCO-CtgCURN _bspa _ccoctgcurn |
||
| 082 | 0 |
_a575.1 _bS65g |
|
| 100 | 1 | _aSolari, Alberto Juan. | |
| 245 | 1 | 0 |
_aGenética humana : _bfundamentos y aplicaciones en medicina / _cAlberto Juan Solari , Colaboracion de Martin Roubicek. |
| 250 | _a4a. Ed. | ||
| 260 |
_aBuenos Aires : _bEditorial Medica Panamericana, _c2011. |
||
| 300 | _a554 p. : il, color. | ||
| 336 | _2rdacontent | ||
| 337 |
_2rdamedia _asin mediacion _bn |
||
| 338 |
_2rdacarrier _avolumen _bnc |
||
| 500 | _aIncluye indice analitico. | ||
| 505 | 8 | _aDesarrollo historico de la genetica humana.--Conceptos basicos.--fenomenos basicos y tecnicas de genetica molecular.--El material genetico: ADN y cromosomas.--Informacion Genetica.--La organizacion del genoma humano.--Regulacion de la expresion genica.--Mutacion.--Patrones de herencia humana | |
| 650 | 1 | 4 | _aGenética humana. |
| 700 | 1 | _aRoubicek, Martin, Colab. | |
| 908 | _a160627 | ||
| 942 |
_cBK _h575.1 _iS65g _2ddc |
||
| 999 |
_c21240 _d21240 |
||